Podnikateľská činnosť obcí z hľadiska DPH
Podľa § 1 zákona č. 369/1990 Zb. o obecnom zriadení v z. n. p. je obec samostatný územný samosprávny a správny celok SR; združuje osoby, ktoré majú na jej území trvalý pobyt. Obec je právnickou osobou, ktorá za podmienok ustanovených zákonom o obecnom zriadení samostatne hospodári s vlastným majetko...
Gespeichert in:
| 1. Verfasser: | |
|---|---|
| Format: | Buchkapitel |
| Sprache: | Slowakisch |
| Schlagworte: | |
| Tags: |
Keine Tags, Fügen Sie das erste Tag hinzu!
|
MARC
| LEADER | 00000naa a2200000 4500 | ||
|---|---|---|---|
| 001 | 0234562 | ||
| 005 | 20170720104622.5 | ||
| 041 | 0 | |a slo | |
| 044 | |a SK | ||
| 245 | 1 | 0 | |a Podnikateľská činnosť obcí z hľadiska DPH |c Beáta Jarošová |
| 520 | |a Podľa § 1 zákona č. 369/1990 Zb. o obecnom zriadení v z. n. p. je obec samostatný územný samosprávny a správny celok SR; združuje osoby, ktoré majú na jej území trvalý pobyt. Obec je právnickou osobou, ktorá za podmienok ustanovených zákonom o obecnom zriadení samostatne hospodári s vlastným majetkom a s vlastnými príjmami. Základnou úlohou obce pri výkone samosprávy je starostlivosť o všestranný rozvoj jej územia a o potreby jej obyvateľov. Ilustračné príklady. | ||
| 610 | 2 | 0 | |a obce |
| 610 | 2 | 0 | |a samospráva |
| 610 | 2 | 0 | |a podnikanie |
| 610 | 2 | 0 | |a zákony |
| 610 | 2 | 0 | |a Slovensko |
| 610 | 2 | 0 | |a dane z hodnoty pridanej |
| 610 | 2 | 0 | |a osoby právnické |
| 100 | 1 | |a Jarošová, Beáta | |